00530nam a22001697a 450000500170000001000130001702000260003003500130005603700090006908200100007810000220008824501040011026000380021427000620025230000260031450000200034020210902152812.0 aB-741373 a9788172010065c540.00 aB-741373 bGift a820.9 aDas, Sisir Kumar  aA history of Indian literature: b1800-1910 western impact: Indian response / cby Sisir Kumar Das  aNew DelhibSahitya Akademi c2012 aRabindra Bhawan, 35 Ferozeshah Road, bNew Delhi e110001 axiii, 815p.c24cm(Hb) aincludes index